|
|
|
|
| LEADER |
00000cam a2200000 a 4500 |
| 001 |
vtls001438832 |
| 003 |
SK-MaSNL |
| 005 |
20260301013502.0 |
| 008 |
240226s2002 xo dl frnp 000 0 slo |
| 015 |
|
|
|a SNBA2002/11-03493
|
| 020 |
|
|
|a 8022811033
|q (brožované)
|
| 035 |
|
|
|a SNK000393972
|
| 035 |
|
|
|a urn:nbn:sk:snk-am3ir1j
|
| 035 |
|
|
|a 6086CD8C-6BAB-4D23-B158-71334A6F10FC
|
| 035 |
|
|
|a urn:nbn:sk:snk-am00femg
|
| 040 |
|
|
|a SNK
|b slo
|c SNK
|e AACR2
|
| 041 |
0 |
|
|a slo
|
| 044 |
|
|
|a xo
|c SK
|
| 072 |
|
7 |
|a 676
|x Papierenský priemysel
|2 konspekt
|
| 072 |
|
7 |
|a 37.016
|x Učebné osnovy. Vyučovacie predmety. Učebnice
|2 konspekt
|
| 080 |
|
|
|a 676:504.064.45(075.8)
|2 1981
|
| 080 |
|
|
|a 504.064.45(075.8)
|2 1981
|
| 080 |
|
|
|a 676
|2 2001
|
| 080 |
|
|
|a (075.8)
|2 2011
|
| 100 |
1 |
|
|a Demko, Jaroslav,
|d 1959-
|4 aut
|9 203186
|
| 245 |
1 |
0 |
|a Environmentálne aspekty zhodnocovania odpadov v celulózovo-papierenskom priemysle
|c Jaroslav Demko
|
| 260 |
|
|
|a Zvolen
|b Technická univerzita
|c 2002
|
| 300 |
|
|
|a 149 strán
|b grafy, schémy, tabuľky
|c 21 cm
|
| 650 |
0 |
7 |
|a celulózovo-papierenský priemysel
|2 SNKPH
|9 74945
|
| 650 |
0 |
7 |
|a odpady
|2 SNKPH
|9 300278
|
| 655 |
|
7 |
|a učebnice vysokých škôl
|2 SNKPH
|9 70191
|
| 919 |
|
|
|a 80-228-1103-3
|
| 958 |
|
|
|a TL
|
| 958 |
|
|
|a NB
|
| 958 |
|
|
|a UV
|
| 958 |
|
|
|a OND
|
| 999 |
|
|
|c 556213
|d 558143
|
| 952 |
|
|
|t P60, <03>, [BOOK], {603}
|a SNK
|b SNK
|y PREZ
|7 0
|p 17A0352997
|o snkSC 108889
|i snkKSP 9701/2002
|0 0
|1 0
|4 0
|d 2002-08-12
|f 1
|l 0
|r 2025-09-30 00:00:00
|w 2026-02-23
|
| 952 |
|
|
|t P60, <04>, [BOOK], {604}
|a SNK
|b SNK
|y VYP
|7 0
|p 17A0352998
|o snkSC 108889 D1
|i snkKSP 9702/2002
|0 0
|1 0
|4 0
|d 2002-08-12
|l 0
|r 2005-01-02 00:00:00
|w 2026-02-23
|